Mathematical modeling and Estimation of some information measures (Record no. 356674)

MARC details
000 -LEADER
fixed length control field 00526nam a2200205 4500
005 - DATE & TIME
control field 20240905110722.0
008 - FIXED-LENGTH DATA ELEMENTS--GENERAL INFORMATION
fixed length control field 240904b |||||||| |||| 00| 0 eng d
020 ## - ISBN
International Standard Book Number X
Price [n.p]
040 ## - CATALOGING SOURCE
Original cataloging agency VIVEKANANDA LIBRARY
082 ## - DDC NUMBER
Classification number 511.8
Book Number S94M
100 ## - MAIN ENTRY--PERSONAL NAME
Personal name Savita
245 ## - TITLE STATEMENT
Title Mathematical modeling and Estimation of some information measures
260 ## - PUBLICATION, DISTRIBUTION, ETC. (IMPRINT)
Name of publisher, distributor, etc Department of Math, M D University, Rohtak
Date of publication, distribution, etc 2023
300 ## - PHYSICAL DESCRIPTION
Pages xi, 255
650 ## - Subject
Subject Mathematics
650 ## - Subject
Subject Modeling
700 ## - Added Entry Personal Name
Added Entry Personal Name Rajeev Kumar
942 ## - ADDED ENTRY ELEMENTS (KOHA)
Koha item type Thesis
Holdings
Withdrawn status Lost status Source of classification or shelving scheme Damaged status Not for loan Location (home branch) Sublocation or collection (holding branch) Shelving location Date acquired Koha issues (times borrowed) Koha full call number Accession No. Koha date last seen Copy number Koha item type
    Dewey Decimal Classification     VIVEKANANDA LIBRARY VIVEKANANDA LIBRARY Vivekananda Library 04/09/2024   511.8 S94M 410637 04/09/2024 R Thesis
© Designed and Maintained by Vivekananda Library, MDU Rohtak